Регионална библиотека "Любен Каравелов" - Русе

Мостове през времето (Запис номер 149704)

MARC детайли
000 -Лидер
Контролно поле с фиксирана дължина 01438nam a2200337 c 4500
003 - Код на организацията, давaща контролен номер
Контролно поле BLK
005 - Дата и час на последна редакция
Контролно поле 20180422112938.0
008 - Елементи от данни с фиксирана дължина
fixed length control field 180410b bul|||||r ||||||| ||bul||
010 ## - Наследен системен номер
LC control number KNG00156000000
020 ## - Международен стандартен номер на книга ISBN
Международен стандартен номер на книга ISBN 978-954-23-0863-8
-- издат.: Акад. изд. Д. А. Ценов
040 ## - Източник на каталожния запис
Идентификатор на билиотеката - собственик на записа BLK
041 ## - Код за език
Код за езика на текст/звукозапис или на отделно заглавие Български
Код за езика КДБФ Български
072 #7 - Код за тематичната категория
Код организация bullib
Код за тематична категория Н84
Текст Българска художествена литература Н
080 ## - УДК
Текстов определител УДК Българска литература
УДК код - определител по УДК 821.163.2
УДК определител -4
УДК - код + определител 821.163.2-4
100 1# - Редна дума - Автор
Автор Събев, Петър
Авторска отговорност първи автор
R(LIN) 254877
139 ## - Редно поле
Редна дума Събев, Петър
Авторски знак Съ - С 96
245 10 - Сведения за заглавието
Заглавие Мостове през времето
Подзаглавни данни Избрани есета
Редно поле (дума) Петър Събев; ред., състав. и ил. Михаил Георгиев Тошков.
257 ## - Страна на издаване
Страна на създаване/издаване България
260 ## - Област на издателските данни
-- Свищов
Име на издателя, разпространителя и проч. Акад. изд. Д. А. Ценов
Година на издаване 2013
300 ## - Физическа характеристика
Страници 271 с.
Илюстрации и др. с ил., портр.
Размери/Мащаб 21 см
380 ## - Жанр
Жанр Худож. лит.
500 ## - Общи забележки
Забележка Името на ред., състав., ил. отбелязано в библиогр. каре. - Съдържа и за авт. и худож.
653 ## - Ключова дума – ненормативна
Ключова дума есета
659 ## - Тематичен бюлетин
Тематичен бюлетин Н
700 1# - Други автори (авторска отговорност)
Лично име Тошков, Михаил Георгиев
Автороска отговорност (Описва отношението между автора и произведението) ред., състав. и ил.
9 (RLIN) 373391
852 ## - Местоположение
Форматна сигнатура Цб 267951
856 4# - Електронен адрес и достъп
Електронен формат pdf - файл
Път до файла /url/
856 4# - Електронен адрес и достъп
Електронен формат pdf - файл
Път до файла /url/
942 ## - АРТИКУЛИ
Вид на библиотечния материал Книги
Скрит в OPAC Не
944 ## - СЪЗДАВАНЕ И РЕДАКЦИЯ на ЗАПИСА
Създаване/Редакция Създаване
Дата на регистрацията/редакция 24.01.2014
Статус, дата на статуса ф /
Служител, извършил регистрацията/редакцията Пенка_Димитрова
944 ## - СЪЗДАВАНЕ И РЕДАКЦИЯ на ЗАПИСА
Създаване/Редакция Редакция
Дата на регистрацията/редакция 29.09.2014
Статус, дата на статуса ф /
Служител, извършил регистрацията/редакцията
999 ## - СИСТЕМНИ КОНТРОЛНИ НОМЕРА
Koha biblionumber 149704
Koha biblioitemnumber 149704
Наличности
Код за отписване Код за изгубен артикул Код за повреда Коз за рестрикции Код за отдаване Артикулен № Име на библиотеката - собственик Име на библиотеката, в която се намира в момента Статус (Текущо местоположение) Дата на вписване в системата Местоположение - отдел Цена в лева Инвентарен номер Систематично азбучна сигнатура Баркод Номер на екземпляра Цена в евро Служебна бележка Служебен тип на артикула
  Не е изгубен Не е повреден без рестрикции заемане за дома 250083 Регионална библиотека "Любен Каравелов" Русе Регионална библиотека "Любен Каравелов" Русе Заемна - подръчен фонд 2014-01-17 Заемна - подръчен фонд 15.00 120000773676 П 886.7-4/С 96 120000773676 1 7.67 Дост: DA Вид: А N: 2 Дата: 17.01.2014 Дата инв: 12.02.2018 Бележки инв: П2018 Книги
  Не е изгубен Не е повреден без рестрикции ползва се в читалня 250084 Регионална библиотека "Любен Каравелов" Русе Регионална библиотека "Любен Каравелов" Русе Хранилище 2014-09-29 Хранилище 15.00 120000781118 Цб 267951 120000781118 2 7.67 Дост: Dp Вид: Д N: 1 Дата: 09.01.2014 Книги
Vip Innovations Ltd, Rousse, Bulgaria 2025